Famous People Named (or Titled) "Count" - Statistics

General Stats
  • This quiz has been taken 48 times
  • The average score is 6 of 12
Answer Stats
Life Hint Person % Correct
Fictional Iconic vampire from Bram Stoker’s 1897 novel Count Dracula
100%
Fictional Edmond Dantès of Alexandre Dumas’ 1844 novel Count of Monte Cristo
64%
Fictional Counting vampire with staccato laugh on Sesame Street Count von Count
64%
Fictional Mascot of General Mills monster cereal Count Chocula
60%
Fictional Sith Lord portrayed by Christopher Lee Count Dooku
60%
1904–1984 American jazz pianist, bandleader, and composer Count Basie
57%
1838–1917 German general and inventor of rigid airships Count von Zeppelin
48%
Fictional Vegetarian vampire duck from British animated series Count Duckula
40%
Fictional Villain in A Series of Unfortunate Events by Lemony Snicket Count Olaf
24%
Fictional Handsome, wealthy suitor of Juliet in Romeo and Juliet Count Paris
19%
Fictional Six-fingered villain in The Princess Bride Count Rugen
17%
1712–1784 Mysterious European courtier, adventurer, alchemist Count of St. Germain
10%
No matching quizzes found
Score Distribution
Percent of People with Each Score
Percentile by Number Answered
Your Score History
You have not taken this quiz